000 00652nam a22001337a 4500
040 _cRUA
082 _aAGR MEY 2009 B041 Or.1
100 _aMEY, VEATA.
245 _aarthropod pests and natural enemies on cashew tree in steungtrang district, kampongcham province (ប្រភេទសត្វល្អិតនៅលើដំណាំស្វាយចន្ទីក្នុងស្រុកស្ទឹងត្រង់ ខេត្តកំពង់ចាម)
260 _aPhnom Penh
_bRUA
_c2009
300 _axii, 69p.
_bill.
_c29cm.
856 _uhttps://drive.google.com/file/d/1HKqsWNvCxJKpRFvr24eS8bn4ibni6YwZ/view?usp=sharing
942 _cAGR
999 _c909
_d909